| 000 | 00350nam a22001457a 4500 | ||
|---|---|---|---|
| 999 |
_c260192 _d260191 |
||
| 003 | OSt | ||
| 005 | 20230615123217.0 | ||
| 008 | 230615b xxu||||| |||| 00| 0 eng d | ||
| 020 | _a0582426030 | ||
| 040 | _cN/A | ||
| 100 | _aDavid R.Bates | ||
| 245 | _aCarpentry and joinery Book2 | ||
| 260 |
_aEngland _bLongman Scientific _c1984 |
||
| 942 |
_2lcc _cBK |
||